ARRUPE JESUIT UNIVERSITY

CORONAVIRUS -STOP THE SPREAD - CLEAN,DISINFECT,COVER

The gift of years : (Record no. 128722)

MARC details
000 -LEADER
fixed length control field 02040cam a2200349 a 4500
001 - CONTROL NUMBER
control field 15130525
003 - CONTROL NUMBER IDENTIFIER
control field ARRUPE
005 - DATE AND TIME OF LATEST TRANSACTION
control field 20181205103534.0
008 - FIXED-LENGTH DATA ELEMENTS--GENERAL INFORMATION
fixed length control field 080107s2008 nyu b 000 0 eng
010 ## - LIBRARY OF CONGRESS CONTROL NUMBER
LC control number 2008000332
020 ## - INTERNATIONAL STANDARD BOOK NUMBER
International Standard Book Number 9781933346106
020 ## - INTERNATIONAL STANDARD BOOK NUMBER
International Standard Book Number 1933346108
035 ## - SYSTEM CONTROL NUMBER
System control number (OCoLC)ocn182735248
037 ## - SOURCE OF ACQUISITION
Stock number 1282785
Source of stock number/acquisition QBI
040 ## - CATALOGING SOURCE
Original cataloging agency DLC
Transcribing agency DLC
Modifying agency QBX
-- BTCTA
-- BAKER
-- EPL
-- YDXCP
-- B2A
-- JED
-- VP@
-- XXH
-- SMP
-- CQU
-- DLC
050 00 - LIBRARY OF CONGRESS CALL NUMBER
Classification number HQ1061
Item number .C455 2008
082 00 - DEWEY DECIMAL CLASSIFICATION NUMBER
Classification number 200/.84/6
Edition number 22
300 ## - PHYSICAL DESCRIPTION
Dimensions 23 cm.
100 1# - MAIN ENTRY--PERSONAL NAME
Personal name Chittister, Joan.
9 (RLIN) 43807
245 14 - TITLE STATEMENT
Title The gift of years :
Remainder of title growing older gracefully /
Statement of responsibility, etc Joan Chittister.
260 ## - PUBLICATION, DISTRIBUTION, ETC. (IMPRINT)
Place of publication, distribution, etc New York, NY :
Name of publisher, distributor, etc BlueBridge,
Date of publication, distribution, etc c2008.
300 ## - PHYSICAL DESCRIPTION
Extent xvi, 222 p. ;
504 ## - BIBLIOGRAPHY, ETC. NOTE
Bibliography, etc Includes bibliographical references.
505 0# - FORMATTED CONTENTS NOTE
Formatted contents note Introduction. The purpose of life -- Regret -- Meaning -- Fear -- Ageism -- Joy -- Authority -- Transformation -- Newness -- Accomplishment -- Possibility -- Adjustment -- Fulfillment -- Mystery -- Relationships -- Tale-telling -- Letting go -- Learning -- Religion -- Freedom -- Success -- Time -- Wisdom -- Sadness -- Dreams -- Limitations -- Solitude -- Productivity -- Memories -- Future -- Agelessness -- Immediacy -- Nostalgia -- Spirituality -- Loneliness -- Forgiveness -- Outreach -- The present -- Appreciation -- Faith -- Legacy -- Afterword. The twilight time.
650 #0 - SUBJECT ADDED ENTRY--TOPICAL TERM
Topical term or geographic name as entry element Older people
General subdivision Psychology.
9 (RLIN) 43808
650 #0 - SUBJECT ADDED ENTRY--TOPICAL TERM
Topical term or geographic name as entry element Older people
General subdivision Conduct of life.
9 (RLIN) 43809
650 #0 - SUBJECT ADDED ENTRY--TOPICAL TERM
Topical term or geographic name as entry element Aging
General subdivision Religious aspects
-- Christianity.
9 (RLIN) 43810
650 #0 - SUBJECT ADDED ENTRY--TOPICAL TERM
Topical term or geographic name as entry element Aging
General subdivision Social aspects.
9 (RLIN) 6222
650 #0 - SUBJECT ADDED ENTRY--TOPICAL TERM
Topical term or geographic name as entry element Aging
General subdivision Psychological aspects.
9 (RLIN) 43811
856 42 - ELECTRONIC LOCATION AND ACCESS
Materials specified Contributor biographical information
Uniform Resource Identifier <a href="http://www.loc.gov/catdir/enhancements/fy1002/2008000332-b.html">http://www.loc.gov/catdir/enhancements/fy1002/2008000332-b.html</a>
856 42 - ELECTRONIC LOCATION AND ACCESS
Materials specified Publisher description
Uniform Resource Identifier <a href="http://www.loc.gov/catdir/enhancements/fy1002/2008000332-d.html">http://www.loc.gov/catdir/enhancements/fy1002/2008000332-d.html</a>
906 ## - LOCAL DATA ELEMENT F, LDF (RLIN)
a 7
b cbc
c orignew
d 1
e ecip
f 20
g y-gencatlg
942 ## - ADDED ENTRY ELEMENTS (KOHA)
Source of classification or shelving scheme Library of Congress Classification
Koha item type Monograph ( Printed materials)
Holdings
Withdrawn status Lost status Source of classification or shelving scheme Damaged status Not for loan Collection code Home library Current library Shelving location Date acquired Total Checkouts Full call number Barcode Date last seen Date checked out Price effective from Koha item type
    Library of Congress Classification     Main Collection ARRUPE LIBRARY ARRUPE LIBRARY Main Collection 05/12/2018 1 HQ1061 .C455 2008 46600002744 29/05/2019 24/05/2019 05/12/2018 Monograph ( Printed materials)

 

Arrupe Library. PO Box MP320 Mt Pleasant, Harare, Zimbabwe
263 242 745411|librarian@aju.ac.zw